000 00940nam a2200229Ia 4500
003 GCL
005 20240530102453.0
008 140319s9999 xx 000 0 ara d
040 _aGCL /
_cGCL
082 0 4 _a418
_bم ت \\=aابوحاتم الرازى، احمد بن حمدانv \\=aمحمد رياض العشيرى (اعداد)v
100 0 _4محمد رياض العشيرى
245 1 0 _aالتصور اللغوى عند الاسماعيلية :
_b دراسة فى كتاب الزينة لابى حاتم الرازي 322 هـ /
_cمحمد رياض العشيرى
260 _a[ الاسكندرية ] :
_bمنشاة المعارف الاسلامية ،
_c1985
300 _a342 ص
490 _aكتب الادب والنقد
_v0
650 0 4 _aاللغة العربية
650 0 4 _aالفرق الاسلامية
650 0 4 _aالفاظ
650 0 4 _aالشيعة
650 0 4 _aالاسماعيلية
942 _2ddc
_cBK
999 _c32481
_d32481